Estabilidad financiera internacional, flujos de capital y trasferencias netas hacia los países en desarrollo
Պահպանված է:
| Հիմնական հեղինակ: | |
|---|---|
| Ձևաչափ: | Գիրք |
| Լեզու: | Spanish |
| Ցուցիչներ: |
Ավելացրեք ցուցիչ
Չկան պիտակներ, Եղեք առաջինը, ով նշում է այս գրառումը!
|
MARC
| LEADER | 00000nam a22000007a 4500 | ||
|---|---|---|---|
| 003 | cru CIDCACS/IIS | ||
| 005 | 20161026182545.0 | ||
| 008 | 161026b xxu||||| |||| 00| 0 spa d | ||
| 040 | |a cru CIDCACS/IIS |c cru CIDCACS/IIS | ||
| 100 | 1 | |9 257 |a Kregel, Jan | |
| 245 | 1 | |a Estabilidad financiera internacional, |b flujos de capital y trasferencias netas hacia los países en desarrollo |c Jan Kregel | |
| 300 | |a páginas 315-333 | ||
| 773 | 0 | |0 1322 |9 27 |a Correa, Eugenia |d Buenos Aires: CLACSO |o 00122 |t Reforma financiera en América Latina / |w (cru CIDCACS/IIS)33498 |z 9871183429 | |
| 942 | |2 ddc |c LI | ||
| 999 | |c 18661 |d 18661 | ||



